Normal view MARC view
  • Edinburgh College of Art

Entry Corporate Name

Number of records used in: 2

001 - CONTROL NUMBER

  • control field: 5588

003 - CONTROL NUMBER IDENTIFIER

  • control field: SIRSI

005 - DATE AND TIME OF LATEST TRANSACTION

  • control field: 20190806150244.0

008 - FIXED-LENGTH DATA ELEMENTS

  • fixed length control field: 080806n| acannaabn |n ana d

040 ## - CATALOGING SOURCE

  • Original cataloging agency: OSt
  • Transcribing agency: OSt

110 1# - HEADING--CORPORATE NAME

  • Corporate name or jurisdiction name as entry element: Edinburgh College of Art
  • Subordinate unit: School of Architecture

670 ## - SOURCE DATA FOUND

  • Source citation: Design at the heart of house-building, 2007